000
00395nam a2200145Ia 4500
008
090124s9999 xx 000 0 und d
082
_b
401337
245
_a
सिंहाचा वाटा
250
_a
1
260
_b
गोळे लीला
_c
1981
300
_a
67
630
_a
सिंहाचा वाटा
730
_a
सिंहाचा वाटा
942
_c
BOOK
999
_c
197721
_d
197721